Vista normal
Vista MARC
Entrada Personal Name
Número de registros utilizados en: 2
001 - CONTROL NUMBER
- control field: 5451
003 - CONTROL NUMBER IDENTIFIER
- control field: DLC
005 - DATE AND TIME OF LATEST TRANSACTION
- control field: 20210607113305.0
008 - FIXED-LENGTH DATA ELEMENTS
- fixed length control field: 170830 a|ac|n|aab||||||||||||a |n|||||||
010 ## - LIBRARY OF CONGRESS CONTROL NUMBER
- LC control number: 87102443
040 ## - CATALOGING SOURCE
- Original cataloging agency: DLC
- Language of cataloging: spa
- Description conventions: rda
- Transcribing agency: Mx-PuUPA
- Modifying agency: DLC
- Modifying agency: OCoLC
- Modifying agency: NmU
- Modifying agency: DLC
- Modifying agency: UPB
- Modifying agency: Mx-PuUPA
046 ## - SPECIAL CODED DATES
- Birth date: 1952
100 1# - HEADING--PERSONAL NAME
- Personal name: Hernández Palacios, Esther,
- Dates associated with a name: 1952-
370 ## - ASSOCIATED PLACE
- Place of birth: Xalapa (Mexico)
- Source of term: naf
374 ## - OCCUPATION
- Occupation: Autor
375 ## - GENDER
- Gender: mujer
377 ## - ASSOCIATED LANGUAGE
- Language code: spa
400 1# - SEE FROM TRACING--PERSONAL NAME
- Personal name: Palacios, Esther Hernández
- Dates associated with a name: 1952-
400 1# - SEE FROM TRACING--PERSONAL NAME
- Personal name: Hernández Palacios, Ester
- Dates associated with a name: 1952-
670 ## - SOURCE DATA FOUND
- Source citation: nuc87-53998: Her La poesía de Jaime Sabines, c1984:
- Information found: (hdg. on WU rept.: Hernández Palacios, Esther; usage: Esther Hernández Palacios)
670 ## - SOURCE DATA FOUND
- Source citation: México 2010, 2012:
- Information found: t.p. (Ester Hernández Palacios) flap (b. 1952 in Jalapa, Veracruz)
670 ## - SOURCE DATA FOUND
- Source citation: Biblioteca del Congreso (Estados Unidos), 30 agosto 2017:
- Information found: catálogo electrónico:
- Uniform Resource Identifier: https://goo.gl/KYjHUo